| 000 | 00726nam a2200181Ia 4500 | ||
|---|---|---|---|
| 008 | 100921s9999 xx 000 0 und d | ||
| 082 |
_b40828 _a891.462 न 03 |
||
| 100 | _aरमेश दिविक,अनु,मुदलियार प्रतिभा. | ||
| 245 | _aखंड खंड अग्नी-काव्यरूप. | ||
| 260 |
_bसरस्वती प्रकाशन,मुंबई. _c2003 |
||
| 300 |
_a111 _b--- |
||
| 365 | _b100 | ||
| 520 | _aललित-नाटके. | ||
| 630 | _aखंड खंड अग्नी-काव्यरूप. | ||
| 650 | _aललित-नाटके. | ||
| 730 | _aखंड खंड अग्नी-काव्यरूप. | ||
| 942 | _cBOOK | ||
| 999 |
_c789941 _d789938 |
||